00471caa a22002052a 4500001000900000003001100009008004700020092001500067100003100082245004000113245001900153300001000172440001300182440000600195260001300201650001300214650001400227942000900241999001500250 000016 AR-FADEU 311216n############xxu####################dd aPP(361)TRA aQuintero, Ma. Teresa S. de bEl niño y la violencia política aTrabajo social a26-37 vaño 1  n4 cfeb 1987 aINFANCIA aVIOLENCIA cPPGR c2794d2794